Sherlock Homes : (Record no. 3200)

MARC details
000 -LEADER
fixed length control field 00763nam a22002297a 4500
005 - DATE AND TIME OF LATEST TRANSACTION
control field 20240229151347.0
020 ## - INTERNATIONAL STANDARD BOOK NUMBER
International Standard Book Number 9780545069397
040 ## - CATALOGING SOURCE
Original cataloging agency FISKH
Language of cataloging eng
Transcribing agency FISKH
Modifying agency FISKH
050 ## - LIBRARY OF CONGRESS CALL NUMBER
Classification number PZ7.M18995
082 ## - DEWEY DECIMAL CLASSIFICATION NUMBER
Classification number Fic
100 ## - MAIN ENTRY--PERSONAL NAME
Personal name Mack. Tracy
245 ## - TITLE STATEMENT
Title Sherlock Homes :
Remainder of title and the baker street irregulars
Statement of responsibility, etc. Tracy Mack & Michael Citrin
250 ## - EDITION STATEMENT
Edition statement First paperback edition, April 2009
260 ## - PUBLICATION, DISTRIBUTION, ETC.
Place of publication, distribution, etc. New York :
Name of publisher, distributor, etc. Orchard Books :
Date of publication, distribution, etc. 2009 :
300 ## - PHYSICAL DESCRIPTION
Extent 255 pages :
Dimensions 20 cm
520 ## - SUMMARY, ETC.
Summary, etc. The ragamuffin boys known as the Baker Street Irregulars help Sherlock Holmes solve the mysterious deaths of a family of circus tightrope walkers.
521 ## - TARGET AUDIENCE NOTE
Target audience note 850
Source Lexile
650 ## - SUBJECT ADDED ENTRY--TOPICAL TERM
Topical term or geographic name entry element Mystery
700 ## - ADDED ENTRY--PERSONAL NAME
Personal name Citrin. Michael
942 ## - ADDED ENTRY ELEMENTS (KOHA)
Source of classification or shelving scheme Dewey Decimal Classification
Koha item type Books
Suppress in OPAC No
999 ## -
-- 3200
-- 3200
Holdings
Withdrawn status Lost status Source of classification or shelving scheme Damaged status Not for loan Collection Home library Current library Shelving location Date acquired Total Checkouts Full call number Barcode Date last seen Copy number Price effective from Koha item type
    Dewey Decimal Classification     Fiction Footprints International School Library Network Toul Kork Campus Footprints International School Library Network Toul Kork Campus   02/19/2024   MAC Fic PZ7.M18995 FISSE00732 02/19/2024 1 02/19/2024 Books
    Dewey Decimal Classification     Fiction Footprints International School Library Network Toul Kork Campus Footprints International School Library Network Toul Kork Campus TTP Secondary Fiction Bookshelves 02/19/2024   MAC Fic PZ7.M18995 2024-2402 12/03/2024 2 02/19/2024 Books